| 000 | 01031nam a22002417a 4500 | ||
|---|---|---|---|
| 003 | OSt | ||
| 005 | 20250702103051.0 | ||
| 008 | 210208s1999 ck ||||gr|||| 00| 0 spa d | ||
| 020 | _a9789589661604 | ||
| 040 |
_aCO-JMCR _cCO-JMCR |
||
| 041 | 0 | _aspa | |
| 082 | 0 | 4 |
_aJ-P _bREVp _223 |
| 100 | 1 |
_aRevelo Revelo, Juan, _eautor _913159 |
|
| 245 | 1 |
_aPoesía colombiana : nuevas voces de fin de siglo / _cJuan Revelo Revelo |
|
| 250 | _aPrimera edición | ||
| 260 |
_aBogotá : _bEpsilon editores de Colombia, _c1999 |
||
| 300 |
_a366 paginas ; _c21 cm. |
||
| 500 | _aIncluye datos biográficos del autor en solapas. | ||
| 520 | 0 | _aEste libro recoge las voces de poetas colombianos, hombres y mujeres, que nacieron en veinticuatro regiones del país, desde la costa del Caribe hasta el sur, en la frontera con Ecuador y Perú; y desde el Océano Pacífico, hasta el oriente, en la inmensa colindancia con Venezuela y Brasil. | |
| 650 | 2 | 4 |
_aPoesía colombiana _913160 |
| 650 | 2 | 4 |
_aLiteratura colombiana _913161 |
| 942 |
_2ddc _cBK |
||
| 999 |
_c7130 _d7130 |
||